La Dinastía : diario político, literario, mercantil y de avisos diario político, literario, mercantil y de avisos
Descripción Física:
1 vol. ; 51 cm
Idioma:
Español
MARC
| LEADER | 00000nas a2200000 a 4500 | ||
|---|---|---|---|
| 001 | 28990 | ||
| 003 | AGDB | ||
| 005 | 20260324180155.0 | ||
| 008 | 160829s1893 xx 000 0 cat d | ||
| 008 | 160829s9999 xx 000 0 cat d | ||
| 041 | |a spa | ||
| 245 | |a La Dinastía : |b diario político, literario, mercantil y de avisos | ||
| 260 | |a Barcelona : |b Tip. Hispano-Americana, |c [1883-1904] | ||
| 300 | |a 1 vol. ; |c 51 cm | ||
| 310 | |a Diària | ||
| 362 | |a Año 1, no. 1 (14 oct. 1883) - año 22, no. 8480 (30 junio 1904) | ||
| 590 | |a Periodicitat: diària. | ||
| 590 | |a Descripció basada en: Año XI, no. 4647 (10 feb. 1893). | ||
| 590 | |a El núm. 55 prové de 1577, exp. 1. | ||
| 590 | |a El núm. 1264 prové de la caixeta de Casa de Caritat 1885, núm. 2547. | ||
| 590 | |a El núm. 4647 es troba a 2673, exp. 4 | ||
| 650 | |a Política |x Revistes |9 47958 | ||
| 655 | 0 | |a Revistes |9 55823 | |
| 866 | |a 1885 (1264) | ||
| 901 | |a Arxiu | ||
| 942 | |n 1 |2 udc |c REV | ||
| 952 | |0 0 |1 0 |4 0 |6 REV2384 |7 1 |9 54627 |a Arxiu |b Arxiu |d 2016-12-01 |h Núm. 1264 (24/11/1885) |l 0 |o Rev-2384 |p 28990 |r 2016-12-01 00:00:00 |w 2016-12-01 |y ARXIU | ||
| 999 | |c 58496 |d 58496 | ||